00478nam a2200145Ia 4500008004100000022001400041245005600055260002100111856004300132942000800175942000900183952008200192999001700274945004100291240731s9999 xx 000 0 und d a2834-7056 0aJournal of Mitochondria, Plastids and Endosymbiosis bTaylor & Francis uhttps://www.tandfonline.com/loi/tmpe20 2ddc cTFEJ 001040708TFEJaUCSCbDLcTFEJd2024-07-31l0r2024-07-31w2024-07-31yTFEJ c77969d77969 a1bMadushi Gamagec1dMadushi Gamage